| 000 | 01065nam a22002417a 4500 | ||
|---|---|---|---|
| 999 |
_c9016 _d9016 |
||
| 003 | AR-CdUCM | ||
| 008 | 190327b ||||| |||| 00| 0 spa d | ||
| 020 | _a9972-691-14-4 | ||
| 040 |
_aMUNICIPALIDAD PROVINCIAL DEL CUSCO _cBIBLIOTECA MUNICIPAL DEL CUSCO |
||
| 082 |
_a271.4 / _bAR74 |
||
| 100 |
_aArmacanqui-Tipacti, Elia J. _924956 |
||
| 245 |
_aSor María Manuela de Santa Ana : _bUna Teresina Peruana / |
||
| 260 |
_aCusco - Perú : _bCentro Bartolomé de Las Casas ; _c1999. |
||
| 300 |
_a254 páginas ; _c21cm |
||
| 440 |
_aCuadernos para la Historia de la Evangelización en América Latina _n21 _924957 |
||
| 505 | _aContenido: Los antecedentes históricos del siglo XVIII-- Autobiografía: vida, espejo de la vida nacional -- Habilidad financiera de Sor María Manuela -- La poesía de Sor María Manuela... | ||
| 650 |
_aOrdenes religiosas _920371 |
||
| 650 |
_aReligión _91195 |
||
| 650 |
_aHistoria de la iglesia _93114 |
||
| 710 |
_aCentro de Estudios Regionales Andinos Bartolomé de Las Casas _97768 |
||
| 942 |
_2ddc _cLIBROS |
||
| 945 | _anom | ||